Science Generator Puzzle #4 - Statistics

General Stats
  • This quiz has been taken 635 times
    586 since last reset
  • The average score is 15 of 21
Answer Stats
Clue Answer % Correct
Body part used for hearing Ear
98%
Masculine gender of a species Male
96%
Killer whale Orca
92%
An upper limb of a human Arm
89%
The solution to a disease Cure
84%
Large scale (opposite of micro) Macro
82%
Long period of unconsciousness Coma
80%
_____ Reef / _____ Snake Coral
79%
Donkey and horse offspring Mule
77%
Pertaining to the mouth Oral
72%
Australia bird without wings Emu
71%
Combustible rock used for fuel Coal
70%
Building blocks of life Cell
68%
"Useless" tooth at mouth's rear Molar
68%
Primate from Madagascar Lemur
67%
Long period of time Era
65%
Measure of mass in chemistry Mole
63%
Adult female horse Mare
62%
Dromedary or bactrian Camel
54%
Mussel found near the sea Clam
50%
Final Word MOLECULAR
36%
No matching quizzes found
Score Distribution
Percent of People with Each Score
Percentile by Number Answered
Your Score History
You have not taken this quiz since the last reset